Estadísticas para Antonimos Franceses

Haz click aquí para intentar la prueba.

Estadísticas generales

  • Esta prueba ha sido intentada 1.479 veces
  • La puntuación promedio es 14 de 20

Estadísticas de respuestas

PalabraAntonimo% Correcto
PetitGrand
94%
BlancNoir
94%
OuiNon
92%
FacileDifficile
86%
HommeFemme
83%
NordSud
83%
DroiteGauche
78%
OuvertFermé
75%
JourNuit
74%
FroidChaud
73%
MoinsPlus
70%
HiverÉté
67%
JeuneVieux
64%
Un PeuBeaucoup
63%
HierDemain
61%
ToujoursJamais
61%
LongCourt
55%
AvantAprès
49%
SurSous
43%
Bon MarchéCher
36%

Distribución de puntuación

Porcentaje por número respondido

Porcentaje de gente con cada puntuación

Historial de tus puntuaciones

No has intentado esta prueba.